000
00234nam a2200097Ia 4500
008
230508s1998 xx 000 0 und d
041
_a
eng
100
_a
MAHAJAN M S , MALI
245
_a
INDUSTRIAL ORG. AND SUPER. MNGT
260
_c
1998
999
_c
311163
_d
311163